El mundo en guerra. La educación para la paz: propuestas y actividades, 3-12 años
Enregistré dans:
| Auteurs principaux: | , |
|---|---|
| Format: | Livre |
| Langue: | espagnol |
| Publié: |
Barcelona
Graó
2003
|
| Collection: | Serie Temas Transversales, 184
|
| Sujets: | |
| Tags: |
Ajouter un tag
Pas de tags, Soyez le premier à ajouter un tag!
|
MARC
| LEADER | 00000nam a2200000 a 4500 | ||
|---|---|---|---|
| 001 | UCL0884 | ||
| 003 | CL-VaPUC | ||
| 008 | 030825e20030000SP |||||||||||||||||spa|d | ||
| 020 | |a 8478273034 | ||
| 082 | 0 | 4 | |a 370.115 |b LOP |2 21 |
| 100 | |a López Rodríguez, Francesc |e autor |9 477621 | ||
| 700 | 0 | |a Arànega Español, Susanna |e author |9 477622 | |
| 245 | 1 | 3 | |a El mundo en guerra. La educación para la paz: propuestas y actividades, 3-12 años |
| 300 | |a 196 p | ||
| 942 | |c BK | ||
| 945 | |d 20030825 00:00:00 |a cmena | ||
| 260 | |a Barcelona |b Graó |c 2003 | ||
| 650 | 7 | |a EDUCACION SOCIAL |2 CL-VaPUC |9 330279 | |
| 650 | 7 | |a PAZ INTERNACIONAL |2 CL-VaPUC |9 432684 | |
| 650 | 0 | |a Planificación del currículo |9 269599 | |
| 650 | 0 | |a Métodos de enseñanza |9 270413 | |
| 650 | 0 | |a Solidaridad |9 259208 | |
| 650 | 0 | |a Educación moral |9 308319 | |
| 650 | 0 | |a Educación básica |9 224933 | |
| 583 | |a last modification |c 20030825 00:00:00 |k Rodrigo Vera | ||
| 490 | 0 | |a Serie Temas Transversales, 184 | |
| 999 | |c 304610 |d 304608 | ||
| 952 | |0 0 |1 0 |4 0 |6 370_115000000000000_LOP_2003 |7 0 |8 A |9 367116 |a BIBEDU |b BIBEDU |d 2019-11-21 |i 3932990 |o 370.115 LOP 2003 |p 3932990 |r 2019-11-21 |w 2019-11-21 |y BK |k EDU | ||
| 952 | |0 0 |1 0 |4 0 |6 370_115000000000000_LOP_2003 |7 0 |8 A |9 367117 |a BIBHIS |b BIBHIS |d 2019-11-21 |i 3986438 |o 370.115 LOP 2003 |p 3986438 |r 2025-01-20 |w 2019-11-21 |y BK |k HIS | ||